000 00696nam a2200241Ia 4500
005 20260429111858.0
008 260429s9999||||xx |||||||||||||| ||und||
020 _a9781782621461
041 _aEnglish
082 _a620.4
_bSIM
100 _aSimon, Yoan C.
245 0 _aMechanochemistry in materials /
_cYoan C. Simon
260 _aCambridge :
_bRoyal Society of Chemistry,
_c2018.
300 _axiv, 196 p.; hb
440 _aPolymer Chemistry Series, Volume 26
650 _a Chemical engineering
650 _a Material properties
650 _a Materials chemistry
650 _a Polymer chemistry
650 _aMechanochemistry
700 _a Craig, Stephen L.
942 _cTB
999 _c51243
_d51243